Physical Foundations of Materials Science (Record no. 563042)
[ view plain ]
| 000 -LEADER | |
|---|---|
| fixed length control field | 00457nam a2200145Ia 4500 |
| 008 - FIXED-LENGTH DATA ELEMENTS--GENERAL INFORMATION | |
| fixed length control field | 210430s9999 xx 000 0 und d |
| 020 ## - INTERNATIONAL STANDARD BOOK NUMBER | |
| International Standard Book Number | 978-3-662-09291-0 |
| 082 ## - DEWEY DECIMAL CLASSIFICATION NUMBER | |
| Classification number | 620.11 G683 P |
| 100 ## - MAIN ENTRY--PERSONAL NAME | |
| Personal name | G.Gottstein |
| 9 (RLIN) | 52120 |
| 245 ## - TITLE STATEMENT | |
| Title | Physical Foundations of Materials Science |
| Statement of responsibility, etc. | G.Gottstein |
| 260 ## - PUBLICATION, DISTRIBUTION, ETC. | |
| Place of publication, distribution, etc. | Berlin |
| Name of publisher, distributor, etc. | Springer |
| Date of publication, distribution, etc. | 2006 |
| 300 ## - PHYSICAL DESCRIPTION | |
| Extent | 502p. |
| 856 ## - ELECTRONIC LOCATION AND ACCESS | |
| Uniform Resource Identifier | <a href="http://10.250.8.41:8080/xmlui/handle/123456789/46750">http://10.250.8.41:8080/xmlui/handle/123456789/46750</a> |
| Link text | For E-Book click here |
| 942 ## - ADDED ENTRY ELEMENTS (KOHA) | |
| Koha item type | Book |
| Source of classification or shelving scheme | |
| Withdrawn status | Lost status | Damaged status | Not for loan | Collection code | Permanent Location | Current Location | Shelving location | Date acquired | Total Checkouts | Full call number | Barcode | Date last seen | Date last checked out | Price effective from | Koha item type |
|---|---|---|---|---|---|---|---|---|---|---|---|---|---|---|---|
| School of Chemical & Materials Engineering (SCME) | School of Chemical & Materials Engineering (SCME) | General Stacks | 1 | 620.11 G683 P | SCME-1931 | 04/07/2022 | 02/08/2022 | 04/30/2021 | Book |
